000 00684nam a2200169 a 4500
008 180208s2012 ||||||||||||||||| || u
020 _a9781601271402
050 _aJZ 5524.U55 Fac
100 _aSmock, David R
245 1 0 _aFacilitating dialogue: USIP'S WORK IN CONFLICT ZONES
_cEdited By David R. Smock and Daniel Serwer
260 _aWashington DC:
_bUnited States Institute of Peace Press
_c2012
300 _av, 173p.:
350 _a6.00
650 _aUNITED STATES INSTITUTE OF PEACE--HISTORY
700 _aSerwer, Daniel
995 _aAMERICAN CORNER
_e500456
_FCBU-DAG HAMMARSKJOLD INSTITUTE LIBRARY
_I6.00
_jJZ 5524.U55 Fac
_M1
_UAVAILABLE
_WFeb 8, 2018
_y500456
_ZDHIPS Book Collection
999 _c237
_d237